000 00466nam a2200181Ia 4500
001 3871
005 20260306145715.0
008 260306t2010||||xx |||||||||||||| ||spa||
041 _aESP
082 _a304.8
_bS23
100 _aSánchez Barricarte, Jesús Javier
_eAUT
245 0 _aSocioeconomía de las migraciones en un mundo globalizado
260 _c2010
300 _a351 páginas :
_c24 cm.
650 _aGEN
654 _aCHU
942 _cLIB
_dJUS
_fJUS
_2ddc
_n
999 _c3871
_d3871